书目信息 |
| 题名: |
GSSAP结构分析软件常见应用问题剖析
|
|
| 作者: | 焦柯 , 童慧波 , 吴文勇 编著 | |
| 分册: | ||
| 出版信息: | 北京 中国建筑工业出版社 2011.07 |
|
| 页数: | 10, 163页 | |
| 开本: | 26cm | |
| 丛书名: | ||
| 单 册: | ||
| 中图分类: | TU201.4 | |
| 科图分类: | ||
| 主题词: | 建筑设计--jian zhu she ji--计算机辅助设计--应用软件 | |
| 电子资源: | ||
| ISBN: | 978-7-112-13138-9 | |
| 000 | 00965nam0 2200265 450 | |
| 001 | 1251655891 | |
| 005 | 20120217142115.00 | |
| 010 | @a978-7-112-13138-9@dCNY28.00 | |
| 100 | @a20110923d2011 em y0chiy50 ea | |
| 101 | 0 | @achi |
| 102 | @aCN@b110000 | |
| 105 | @aa z 000yy | |
| 106 | @ar | |
| 200 | 1 | @aGSSAP结构分析软件常见应用问题剖析@AGSSAP jie gou fen xi ruan jian chang jian ying yong wen ti pou xi@f焦柯, 吴文勇, 童慧波编著 |
| 210 | @a北京@c中国建筑工业出版社@d2011.07 | |
| 215 | @a10, 163页@c图@d26cm | |
| 330 | @a本书分十九章, 内容包括: 结构建模基本概念、与其他结构软件数据交换、总控计算参数、杆件截面定义、荷载、楼板、梁、柱、剪力墙、楼梯参与结构分析等。 | |
| 586 | @a | |
| 606 | 0 | @a建筑设计@Ajian zhu she ji@x计算机辅助设计@x应用软件 |
| 690 | @aTU201.4@v5 | |
| 701 | 0 | @a焦柯@Ajiao ke@4编著 |
| 701 | 0 | @a童慧波@Atong hui bo@4编著 |
| 701 | 0 | @a吴文勇@Awu wen yong@4编著 |
| 801 | 0 | @aCN@c20110610 |
| 905 | @b1016270-4@dTU201.4@eJ667@f5 | |
| GSSAP结构分析软件常见应用问题剖析/焦柯, 吴文勇, 童慧波编著.-北京:中国建筑工业出版社,2011.07 |
| 10, 163页:图;26cm |
| ISBN 978-7-112-13138-9:CNY28.00 |
| 本书分十九章, 内容包括: 结构建模基本概念、与其他结构软件数据交换、总控计算参数、杆件截面定义、荷载、楼板、梁、柱、剪力墙、楼梯参与结构分析等。 |
| ● |
| 相关链接 |
|
|
|
正题名:GSSAP结构分析软件常见应用问题剖析
索取号:TU201.4/J667
 
预约/预借
| 序号 | 登录号 | 条形码 | 馆藏地/架位号 | 状态 | 备注 |
| 1 | 1016270 | 210162704 | 建筑库101/101建筑库 34排2列4层/ [索取号:TU201.4/J667] | 在馆 | |
| 2 | 1016271 | 210162713 | 建筑库101/101建筑库 34排2列4层/ [索取号:TU201.4/J667] | 在馆 | |
| 3 | 1016272 | 210162722 | 建筑库101/101建筑库 34排2列4层/ [索取号:TU201.4/J667] | 在馆 | |
| 4 | 1016273 | 210162731 | 建筑库101/101建筑库 34排2列4层/ [索取号:TU201.4/J667] | 在馆 | |
| 5 | 1016274 | 210162740 | 建筑库101/101建筑库 34排2列4层/ [索取号:TU201.4/J667] | 在馆 |